Written executive communication (Record no. 117687)

MARC details
000 -LEADER
fixed length control field 00505nam a2200193Ia 4500
003 - CONTROL NUMBER IDENTIFIER
control field OSt
005 - DATE AND TIME OF LATEST TRANSACTION
control field 20260206151241.0
008 - FIXED-LENGTH DATA ELEMENTS--GENERAL INFORMATION
fixed length control field 210210b2008 xxu||||| |||| 00| 0 eng d
040 ## - CATALOGING SOURCE
Transcribing agency AL
041 ## - LANGUAGE CODE
Language code of text/sound track or separate title eng
082 ## - DEWEY DECIMAL CLASSIFICATION NUMBER
Classification number 651.7 DIXW
100 ## - MAIN ENTRY--PERSONAL NAME
Personal name H Chandrashekhar Dixit
9 (RLIN) 253842
245 ## - TITLE STATEMENT
Title Written executive communication
Remainder of title : For II semester BBM
260 ## - PUBLICATION, DISTRIBUTION, ETC.
Place of publication, distribution, etc. Mangalore
Name of publisher, distributor, etc. United Publishers
Date of publication, distribution, etc. 2008
300 ## - PHYSICAL DESCRIPTION
Extent 176p
690 ## - LOCAL SUBJECT ADDED ENTRY--TOPICAL TERM (OCLC, RLIN)
Topical term or geographic name as entry element Business Communication
9 (RLIN) 253850
906 ## - LOCAL DATA ELEMENT F, LDF (RLIN)
a 062584
942 ## - ADDED ENTRY ELEMENTS (KOHA)
Source of classification or shelving scheme Dewey Decimal Classification
Koha item type Book
Holdings
Withdrawn status Lost status Source of classification or shelving scheme Damaged status Not for loan Collection code Home library Current library Date acquired Source of acquisition Cost, normal purchase price Total Checkouts Full call number Barcode Date last seen Price effective from Koha item type
    Dewey Decimal Classification     Management St Aloysius Library St Aloysius Library 02/17/2021 West Coast Paper & Stationers Mangalore-1 80.00   651.7 DIXW 062585 02/17/2021 02/17/2021 Book
    Dewey Decimal Classification     Management St Aloysius Library St Aloysius Library 02/17/2021 West Coast Paper & Stationers Mangalore-1 80.00   651.7 DIXW 062584 02/17/2021 02/17/2021 Book